Navigating Neutrality (Record no. 64322)
[ view plain ]
| 000 -LEADER | |
|---|---|
| fixed length control field | 01142nam a2200241Ii 4500 |
| 008 - FIXED-LENGTH DATA ELEMENTS--GENERAL INFORMATION | |
| fixed length control field | 221202s xx 000 0 und d |
| 100 1# - MAIN ENTRY--PERSONAL NAME | |
| Personal name | Moats, Sandra A, |
| Relator term | author |
| 245 #0 - TITLE STATEMENT | |
| Title | Navigating Neutrality |
| 246 ## - VARYING FORM OF TITLE | |
| Title proper/short title | Early American Governance in the Turbulent Atlantic |
| 264 ## - PRODUCTION, PUBLICATION, DISTRIBUTION, MANUFACTURE, AND COPYRIGHT NOTICE | |
| Name of producer, publisher, distributor, manufacturer | University of Virginia Press |
| Date of production, publication, distribution, manufacture, or copyright notice | 2021 |
| 300 ## - PHYSICAL DESCRIPTION | |
| Extent | 1 online resource (224 pages) |
| 336 ## - CONTENT TYPE | |
| Content type term | text |
| Content type code | txt |
| Source | rdacontent |
| 337 ## - MEDIA TYPE | |
| Media type term | computer |
| Media type code | c |
| Source | rdamedia |
| 338 ## - CARRIER TYPE | |
| Carrier type term | online resource |
| Carrier type code | cr |
| Source | rdacarrier |
| 490 ## - SERIES STATEMENT | |
| Series statement | The Revolutionary Age |
| 520 ## - SUMMARY, ETC. | |
| Summary, etc. | History of the Americas;Naval forces and warfare;General and world history;Central / national / federal government |
| 653 ## - INDEX TERM--UNCONTROLLED | |
| Uncontrolled term | Central / National / Federal Government |
| 653 ## - INDEX TERM--UNCONTROLLED | |
| Uncontrolled term | General And World History |
| 653 ## - INDEX TERM--UNCONTROLLED | |
| Uncontrolled term | History Of The Americas |
| 653 ## - INDEX TERM--UNCONTROLLED | |
| Uncontrolled term | Naval Forces And Warfare |
| 856 ## - ELECTRONIC LOCATION AND ACCESS | |
| Uniform Resource Identifier | <a href="https://library.oapen.org/bitstream/20.500.12657/48518/1/9780813946450.pdf||https://library.oapen.org/bitstream/20.500.12657/48518/2/9780813946450.epubhttp://www.books.upress.virginia.edu/title/5645; https://doi.org/10.52156/m.5645https://library.oapen.org/handle/20.500.12657/48518">https://library.oapen.org/bitstream/20.500.12657/48518/1/9780813946450.pdf||https://library.oapen.org/bitstream/20.500.12657/48518/2/9780813946450.epubhttp://www.books.upress.virginia.edu/title/5645; https://doi.org/10.52156/m.5645https://library.oapen.org/handle/20.500.12657/48518</a> |
| 942 ## - ADDED ENTRY ELEMENTS (KOHA) | |
| Koha item type | E-Book |
| Withdrawn status | Damaged status | Not for loan | Home library | Current library | Date acquired | Total Checkouts | Date last seen | Price effective from | Koha item type |
|---|---|---|---|---|---|---|---|---|---|
| Directory of Open Access Books | Directory of Open Access Books | 11/28/2022 | 11/28/2022 | 11/28/2022 | E-Book |